00522nam a2200193 i 4500001001100000003000500011005001700016008004100033040002500074082001500099245001900114264004200133300002400175336002100199337002500220338002300245650002500268700003500293C2-0112740PPAK20180727104018.0970702s1989 my |||| ||||| | may d aPPAKbengcPPAKerda04a297.4322300aAyat-ayat do'a 1aKuala Lumpur : bDarul Fikir , c1989 a130 pages ; c21 cm 2rdacontentatext 2rdamediaaunmediated 2rdacarrieravolume10aIslamic meditations.1 aSaiful Asyhad, S.H., ecompile